1183 1731 1037 1596 1665 1082 1297 1971 1174 1259 1956 1728 1929 1440 1957 1493 1407 1775 1899 1229 1473 1077 1831 1675 1296 1694 1791 1619 1563 1877 1422 1659 1593 1274 1805 1056 1816 1048 1181 1651 1657 1730 1765 1165 1407 1847 1411 1659 1940 1496 1438 1021 1685 1899 1793 1344 1894 1897 1423 1987 1104 1660 1340 1519 1253 1023 1566 1944 1115 1117 1392 1357 1537 1945 1316 1790 1765 1936 1769 1384 1468 1713 1453 1285 1499 1476 1866 1177 1087 1362 1053 1824 1602 1923 1212 1393 1714 1716 1763 BCNSPRNW ULIB Ver.6.0+V

เปลี่ยนเป็นภาษาไทย

Change to English
 แสดงรายละเอียดบรรณานุกรม
  กลับหน้าหลัก

Brief Record : Get Marc (ISO 2709) : E-mail record : QR code < ปิดหน้าต่าง
LEADER : 00000nam 2200000uu 4500
001    13399113485
003     ULIB
008    111121s2551||||th 000 0 tha d
020    ^a9789740537960
090    ^aนว.^bน190ว 2551
100 0  ^aนภชล
245 00 ^aความรู้สึกดีที่เรียกว่ารัก : ต่างมุมรัก/^cนภชล
250    ^aพิมพ์ครั้งที่ 2
260    ^aกรุงเทพฯ :^bแจ่มใส,^c2551
300    ^a299 หน้า
710 1  ^aแจ่มใส
945    ^p189^l0^i15028
995    ^aกัณชพร
999    ^aใช้งานได้ทุกระบบ
รายการนี้ยังไม่มีแท็ก
คุณยังไม่ได้ล็อกอิน คุณสามารถมีกิจกรรมร่วมกับเว็บไซต์ได้ แต่ต้องล็อกอินก่อน ::
  ล็อกอิน

รายการสื่อสารสนเทศ

ลำดับที่ ประเภท เลขเรียก/บาร์โค้ด สถานที่ สถานะ
1. นวนิยาย
นวนิยาย
นว. น190ว 2551  
  Barcode: 15028
ห้องสมุดวิทยาเขตสวรรค์ประชารักษ์
►นวนิยาย
บนชั้น
  ขอยืม

รายการใกล้เคียง
    ผู้แต่ง [นภชล]

BibComment


ยังไม่เคยถูกคอมเมนท์

คอมเมนท์ทรัพยากรรายการนี้
  คอมเมนท์: ความรู้สึกดีที่เ..


 Copyright 2026. Bcnsprnw @Library